000
00248nam a22001097a 4500
020
_a
0-85685-504-9
082
_a
355.02 STR'A
245
_a
STRATEGY AND TACTICS OF LAND WARFARE
260
_a
NEWYORK
_b
MARSHELL
_c
1979
300
_a
80P
942
_c
BK
999
_c
581747
_d
581747